• 首页
  • 本馆介绍
  • 公告通知
  • 最新文献
  • 馆藏检索
  • 电子资源
  • 读者导购
  • 参考咨询
  • 我的图书馆
  • 登录
  • 详细信息显示
  • 放入我的书架
  • 预约/预借图书
  • 作者相关作品
  • 分类相关作品
  • 丛书相关作品
  • 出版社相关作品

书目信息

  • 表格格式
  • 工作单格式
  • 卡片格式
题名:
盆景小喷泉DIY
    
 
作者: 玛尼恩 著 ;张勤文 译
分册:  
出版信息: 上海   上海科学技术出版社  2005
页数: 144页
开本: 21cm
丛书名: 巧手DIY系列
单 册:
中图分类: S688.1
科图分类:
主题词: 盆景--观赏园艺
电子资源:
ISBN: 7-5323-7775-X
000 01166nam0 2200337 450
000 01129nam0 2200325 450
000 01127nam0 2200337 450
000 01073nam0 2200313 450
000 01069nam0 2200301 450
000 01032nam0 2200289 45
001 TS2006038431
005 20061209161145.64
010    @a7-5323-7775-X@dCNY28.00
100    @a20060829d2005 em y0chiy0110 ea
101 1  @achi@ceng
102    @aCN@b310000
105    @aa z 000yy
200 1  @a盆景小喷泉DIY@APen Jing Xiao Pen Quan DIY@f(美)巴利斯·玛尼恩(Paris Mannion)著@F( Mei ) Ba Li Si· Ma Ni En (Paris Mannion) Zhu@g张勤文译
210    @a上海@c上海科学技术出版社@d2005
215    @a144页@c图@d21cm
225 2  @a巧手DIY系列
330    @a本书向读者介绍了制作喷泉的准备工作、制作课程,以及喷泉作品的展示。
410  0 @12001 @a巧手DIY系列
606 0  @a盆景@x观赏园艺
690    @aS688.1@v4
701  1 @a玛尼恩@AMa Ni En@g(Mannion, Paris)@4著
702  0 @a张勤文@AZhang Qin Wen@4译
801  0 @aCN@b中图数据@c20061209
905    @a10447@dS688.1@e145
    
    盆景小喷泉DIY/(美)巴利斯·玛尼恩(Paris Mannion)著/张勤文译.-上海:上海科学技术出版社,2005
    144页:图;21cm.-(巧手DIY系列)
    
    
    ISBN 7-5323-7775-X:CNY28.00
    本书向读者介绍了制作喷泉的准备工作、制作课程,以及喷泉作品的展示。
●
相关链接 在E读中查询图书 在五车中查询图书 在当当中查询图书 在豆瓣中查询图书


正题名:盆景小喷泉DIY     索取号:S688.1/145         预约/预借

序号 登录号 条形码 馆藏地/架位号 状态 备注
1 0611570   206115700   第二样本阅览室/ [索取号:S688.1/145] 在馆    
2 0611571   206115719   第三借阅区/ [索取号:S688.1/145] 在馆    
3 0611572   206115728   第三借阅区/ [索取号:S688.1/145] 在馆    
唐山师范学院图书馆 欢迎您!
大连网信软件有限公司© 版权所有